000 00522nam a2200193Ia 4500
005 20250423095820.0
008 250422s9999 xx 000 0 und d
020 _a9780273763680
050 _aTA 347.F5 C463/
100 _aChandrupatla, Tirupathi R.,
245 0 _aIntroduction to finite elements in engineering
250 _a4rd ed.
260 _aUpper Saddle River [N.J.]
260 _bPearson
260 _c2012
300 _a512 p
650 _aFinite element method Engineering mathematics
942 _cBK
999 _c31415
_d31415